000 00304nam a22001337a 4500
003 SGT
082 _a617.6342
_bD25J
100 _aJain, Nimisha
245 _aDeep margin elevation
260 _bSGT University
_c2025
300 _a59
650 _aConservative Dentistry & Endodontics
942 _2ddc
_cTH
999 _c31385
_d31385